Educación y familia: La educación familiar en un mundo en cambio
Uloženo v:
| Hlavní autoři: | , |
|---|---|
| Médium: | Kniha |
| Jazyk: | španělština |
| Vydáno: |
Madrid
Universidad Pontificia Comillas
2006
|
| Edice: | Instituto Universitario de la Familia, 8
|
| Témata: | |
| Tagy: |
Přidat tag
Žádné tagy, Buďte první, kdo vytvoří štítek k tomuto záznamu!
|
MARC
| LEADER | 00000nam a2200000 a 4500 | ||
|---|---|---|---|
| 001 | UCH9641 | ||
| 003 | CL-VaPUC | ||
| 008 | 100114e20060000SP |||||||||||||||||spa|d | ||
| 020 | |a 8484682021 | ||
| 082 | 0 | 4 | |a 306.8 |b ALV |2 21 |
| 100 | 0 | |a Alvarez Vélez, María Isabel |e author |9 546837 | |
| 700 | 0 | |a Berástegui Pedro-Viejo, Ana |e author |9 546838 | |
| 245 | 1 | 0 | |a Educación y familia: La educación familiar en un mundo en cambio |
| 300 | |a 359 p | ||
| 942 | |c BK | ||
| 945 | |d 20100114 00:00:00 |a dcastane | ||
| 260 | |a Madrid |b Universidad Pontificia Comillas |c 2006 | ||
| 650 | 0 | |a Familias |9 255641 | |
| 650 | 7 | |a INFLUENCIA FAMILIAR |2 CL-VaPUC |9 335148 | |
| 650 | 0 | |a Sociología |9 255410 | |
| 650 | 0 | |a Socialización |9 309940 | |
| 650 | 0 | |a Aspectos sociales |9 254894 | |
| 650 | 7 | |a ROL DE LA FAMILIA |2 CL-VaPUC |9 470380 | |
| 650 | 0 | |a Cambio social |9 256857 | |
| 651 | 0 | |a España |9 254926 | |
| 583 | |a last modification |c 20100114 00:00:00 |k Rodrigo Vera | ||
| 490 | 0 | |a Instituto Universitario de la Familia, 8 | |
| 999 | |c 339562 |d 339560 | ||
| 952 | |0 0 |1 0 |4 0 |6 306_800000000000000_ALV_2006 |7 0 |8 A |9 433271 |a BIBEDU |b BIBEDU |d 2019-11-22 |i 4634039 |o 306.8 ALV 2006 |p 4634039 |r 2019-11-22 |w 2019-11-22 |y BK |k EPE | ||